书目信息 |
| 题名: |
科技世界
|
|
| 作者: | 赵春 , 和卫 , 侯艳丽 著 | |
| 分册: | ||
| 出版信息: | 郑州 中原农民出版社 2002.07 |
|
| 页数: | 390页, [1] 页图版 | |
| 开本: | 21cm | |
| 丛书名: | 军事十万个为什么 | |
| 单 册: | ||
| 中图分类: | E-49 | |
| 科图分类: | ||
| 主题词: | 军事科学--jun shi ke xue--通俗读物 , 军事技术--jun shi ji shu--通俗读物 | |
| 电子资源: | ||
| ISBN: | 7-80641-480-0 | |
| 000 | 01164nam 2200301 450 | |
| 001 | 012006436940 | |
| 005 | 20060905154053.48 | |
| 010 | @a7-80641-480-0@dCNY23.00 | |
| 100 | @a20060611d2002 km y0chiy0120 ea | |
| 101 | 0 | @achi |
| 102 | @aCN@b410000 | |
| 105 | @aafh a 000yy | |
| 200 | 1 | @a科技世界@Ake ji shi jie@f赵春 … [等] 著@Fzhao chun…[deng]zhu |
| 210 | @a郑州@c中原农民出版社@d2002.07 | |
| 215 | @a390页, [1] 页图版@c图, 摹真@d21cm | |
| 225 | 2 | @a军事十万个为什么@Ajun shi shi wan ge wei shi mo |
| 304 | @a题名页题: 和卫, 侯艳丽, 王政霖著 | |
| 320 | @a有书目 (第390页)。 | |
| 330 | @a本书分10个分卷,基本涵盖了军事思想、军事学术、军事技术、军事历史、军事后勤、军事地理等方面的知识。本卷为军事科技卷,内容包括:基本理论、航天航空技术、激光技术、生物技术、精确制导技术、信息技术、侦察监视技术、新材料技术、其他技术。 | |
| 410 | 0 | @12001 @a军事十万个为什么 |
| 606 | 0 | @a军事科学@Ajun shi ke xue@x通俗读物 |
| 606 | 0 | @a军事技术@Ajun shi ji shu@x通俗读物 |
| 690 | @aE-49@v4 | |
| 701 | 0 | @a赵春@Azhao chun@4著 |
| 701 | 0 | @a和卫@Ahe wei@4著 |
| 701 | 0 | @a侯艳丽@Ahou yan li@4著 |
| 801 | 0 | @aCN@bQSSK@c20060905 |
| 905 | @a10447@dE-49@eZ295 | |
| 科技世界/赵春 … [等] 著.-郑州:中原农民出版社,2002.07 |
| 390页, [1] 页图版:图, 摹真;21cm.-(军事十万个为什么) |
| ISBN 7-80641-480-0:CNY23.00 |
| 本书分10个分卷,基本涵盖了军事思想、军事学术、军事技术、军事历史、军事后勤、军事地理等方面的知识。本卷为军事科技卷,内容包括:基本理论、航天航空技术、激光技术、生物技术、精确制导技术、信息技术、侦察监视技术、新材料技术、其他技术。 |
| ● |
| 相关链接 |
|
|
|
正题名:科技世界
索取号:E-49/Z295
 
预约/预借
| 序号 | 登录号 | 条形码 | 馆藏地/架位号 | 状态 | 备注 |
| 1 | 585543 | 205855430 | 社科库509/509社科库 112排2列1层/ [索取号:E-49/Z295] | 在馆 | |
| 2 | 585544 | 205855449 | 社科库509/509社科库 112排2列1层/ [索取号:E-49/Z295] | 在馆 | |
| 3 | 585545 | 205855458 | 社科库509/ [索取号:E-49/Z295] | 在馆 |